This most excellent shine of gold, king of kings of sutras the Khotanese Suvarṇabhāsottamasūtra = (Record no. 66383)
| 000 -BAŞLIK | |
|---|---|
| Sabit Uzunluktaki Kontrol Alanı | 01933nam a22004217a 4500 |
| 001 - KONTROL NUMARASI | |
| Control Dosyası | 0066000 |
| 003 - KONTROL NUMARASI KİMLİĞİ | |
| Kontrol Alanı | KOHA_MİRAKIL |
| 005 - EN SON İŞLEM TARİHİ ve ZAMANI | |
| Kontrol Alanı | 20260207004624.0 |
| 007 - FİZİKSEL TANIM SABİT ALAN - GENEL BİLGİ | |
| Sabit uzunluklu kontrol alanı | ta |
| 008 - SABİT UZUNLUKTAKİ VERİ ÖGELERİ - GENEL BİLGİ | |
| Sabit Alan | 210304b2004 tu |||gr||||#0|||0|tur | |
| 040 ## - KATALOGLAMA KAYNAĞI | |
| Özgün Kataloglama Kurumu | TR-BiSEU |
| Kataloglama Dili | tur |
| Çeviri Kurumu | TR-BiSEU |
| Açıklama Kuralları | rda |
| 041 0# - DİL KODU | |
| Metin ya da ses kaydının dil kodu | tur |
| 044 ## - YAYINLAYAN/ÜRETEN KURULUŞUN ÜLKE KODU | |
| ISO country code | tu |
| 050 ## - SINIFLAMA ve YER NUMARASI | |
| Sınıflama Numarası | BQ2132.A1 |
| Yer Numarası | S55 2004 |
| 100 1# - KİŞİ ADI | |
| Yazar Adı (Kişi adı) | Skjaervo, Prods Oktor. |
| 240 10 - TEK BİÇİM BAŞLIK | |
| Tekbiçim Başlık | <a href="Sutraların sultanı altın ışık Hoten dilinde Suvarṇabhasottamasutra">Sutraların sultanı altın ışık Hoten dilinde Suvarṇabhasottamasutra</a> |
| Language of a work | Türkçe |
| 245 1# - ESER ADI BİLDİRİMİ | |
| Başlık | This most excellent shine of gold, king of kings of sutras the Khotanese Suvarṇabhāsottamasūtra = |
| Alt Eseradı vb. | Sutraların sultanı altın ışık Hoten dilinde Suvarṇabhasottamasutra/ |
| Sorumluluk Bildirimi | Prods Oktor Skjaervo ; Prods Oktor Skjaervo; yayınlayanlar Şinasi Tekin, Gönül alpay Tekin. |
| 264 #1 - ÜRERİM, YAYIN, DAĞITIM ve TELİF BİLDİRİMİ | |
| Yayın yeri | [Cambridge, Mass.] : |
| Yayınlayan | Dept. of Near Eastern Languages and Civilizations Harvard University |
| Yayın tarihi | 2004 |
| 300 ## - FİZİKSEL TANIMLAMA | |
| Sayfa, Cilt vb. | 2 cilt; 28 cm. |
| 336 ## - İÇERİK TÜRÜ | |
| Content type term | metin |
| Content type code | txt |
| Source | rdacontent |
| 337 ## - MEDYA TÜRÜ | |
| Media type term | aracısız |
| Media type code | n |
| Source | rdamedia |
| 338 ## - TAŞIYICI TÜRÜ | |
| Carrier type term | cilt |
| Carrier type code | nc |
| Source | rdacarrier |
| 490 1# - DİZİ BİLDİRİMİ | |
| Dizi Bildirimi | Doğu dilleri ve edebiyatlarının kaynakları ; |
| Cilt Numarası | 60-61. |
| 490 1# - DİZİ BİLDİRİMİ | |
| Dizi Bildirimi | Orta Asya kaynakları ; |
| Cilt Numarası | 5-6 = |
| Dizi Bildirimi | Sources of Oriental languages and literatures ; |
| Cilt Numarası | 60-61. |
| 490 1# - DİZİ BİLDİRİMİ | |
| Dizi Bildirimi | Central Asian sources ; |
| Cilt Numarası | 5-6 |
| 500 ## - GENEL NOT | |
| Genel Not | Dizin var. |
| 505 ## - İÇİNDEKİLER NOTU | |
| İçindekiler Notu | Contents: v.1 The Khotanese text with English translation and the complete Sanskrit text -- v.2 Manuscripts, commentary, glossary, indexes. |
| 650 #0 - KONU BAŞLIĞI EK GİRİŞ - KONU TERİMİ | |
| Konusal terim veya coğrafi ad | Doğu dilleri ve edebiyatı. |
| 9 (RLIN) | 124320 |
| 650 #0 - KONU BAŞLIĞI EK GİRİŞ - KONU TERİMİ | |
| Konusal terim veya coğrafi ad | Budizm. |
| 9 (RLIN) | 124321 |
| 650 #0 - KONU BAŞLIĞI EK GİRİŞ - KONU TERİMİ | |
| Konusal terim veya coğrafi ad | Tripiṭaka. |
| 9 (RLIN) | 124322 |
| 650 #0 - KONU BAŞLIĞI EK GİRİŞ - KONU TERİMİ | |
| Konusal terim veya coğrafi ad | Sūtrapiṭaka. |
| 9 (RLIN) | 124323 |
| 650 #0 - KONU BAŞLIĞI EK GİRİŞ - KONU TERİMİ | |
| Konusal terim veya coğrafi ad | Suvarṇaprabhāsasūtra. |
| 9 (RLIN) | 124324 |
| 830 1# - SERİ EK GİRİŞİ - TEKBİÇİM ESER ADI | |
| Tekbiçim Başlık | Doğu dilleri ve edebiyatlarının kaynakları ; |
| Volume number/sequential designation | 60-61. |
| 9 (RLIN) | 85097 |
| 830 1# - SERİ EK GİRİŞİ - TEKBİÇİM ESER ADI | |
| Tekbiçim Başlık | Orta Asya kaynakları ; |
| Volume number/sequential designation | 5-6 = |
| Tekbiçim Başlık | Sources of Oriental languages and literatures ; |
| Volume number/sequential designation | 60-61. |
| 9 (RLIN) | 124325 |
| 830 1# - SERİ EK GİRİŞİ - TEKBİÇİM ESER ADI | |
| Tekbiçim Başlık | Central Asian sources ; |
| Volume number/sequential designation | 5-6 |
| 9 (RLIN) | 124326 |
| 907 ## - LOCAL DATA ELEMENT G, LDG (RLIN) | |
| a | Din |
| 942 ## - EK GİRİŞ ÖGELERİ (KOHA) | |
| Source of classification or shelving scheme | Library of Congress Classification |
| Koha item type | Book |
| Materyal Türü | Kalıcı Konum | Mevcut Konum | Raf Yeri | Sınıflandırma Kaynağı | Edinim Bilgisi | Ana Konular | Alt Konular | Yer Numarası | Cilt Bilgisi | Demirbaş Numarası | Fatura Tarihi | Geri Çekilme Durumu | Kayıp Durumu | Hasarlı Durumu | Kredi için değil | Kayıt Tarih | Toplam Ödünçverme | Son Görülme Tarihi | Son Kontrol Tarihi | Genel / Bağış Notu |
|---|---|---|---|---|---|---|---|---|---|---|---|---|---|---|---|---|---|---|---|---|
| Book | Prof. Dr. Azmi Özcan Kütüphanesi | Prof. Dr. Azmi Özcan Kütüphanesi | Uluğbey Salonu | Library of Congress Classification | Bağış | FELSEFE, PSİKOLOJİ, DİN | Budizm | BQ2132.A1 S55 2004 | c.2 | 0066000 | 02/02/2026 | 04/03/2021 | 05/03/2025 | 05/03/2025 | Millet Kütüphanesi [Cumhurbaşkanlığı Külliyesi] | |||||
| Book | Prof. Dr. Azmi Özcan Kütüphanesi | Prof. Dr. Azmi Özcan Kütüphanesi | Uluğbey Salonu | Library of Congress Classification | Bağış | FELSEFE, PSİKOLOJİ, DİN | Budizm | BQ2132.A1 S55 2004 | c.1 | 0066043 | 02/02/2026 | 22/03/2021 | 05/03/2025 | 05/03/2025 | Millet Kütüphanesi [Cumhurbaşkanlığı Külliyesi] |
